000 00674nam a2200217Ia 4500
001 15099
003 GE_BSU
008 181216s||||||||xx |||||||||||||| ||und||
040 _cGE_BSU
080 _a621.36
100 _aВласенков, А.Т. Солдатенков,В.А.
245 _aОсновные измерения в практике радиолюбителя
245 _cРед.П.А.Енина
260 _aМосква
260 _bДосааф
260 _c1971
300 _a112стр.20см.
653 _aОсновные измерения в практике радиолюбителя
653 _aРусский язык
942 _cBK
999 _c48217
_d48217